|
|
|
|
| LEADER |
00000cam a2200000 4500 |
| 001 |
vtls011767853 |
| 003 |
SK-MaSNL |
| 005 |
20260302091502.0 |
| 008 |
200316s2018 xo g 010 e slo |
| 015 |
|
|
|a SNBA2018/09
|
| 020 |
|
|
|a 9788056902844
|q (viazané)
|
| 035 |
|
|
|a urn:nbn:sk:snk-am00dhxj
|
| 035 |
|
|
|a urn:nbn:sk:snk-am3i2v3
|
| 035 |
|
|
|a D098C491-DA14-4E60-8A08-FFED8A0237EF
|
| 040 |
|
|
|a SNK
|b slo
|c SNK
|e rda
|
| 041 |
0 |
|
|a slo
|
| 043 |
|
|
|a e-xo---
|
| 044 |
|
|
|a xo
|c SK
|
| 072 |
|
7 |
|a 32
|x Politika
|2 konspekt
|
| 080 |
|
|
|a 321.01
|2 2011
|
| 080 |
|
|
|a 324:316.62
|2 2011
|
| 080 |
|
|
|a 32-028.43
|2 2011
|
| 080 |
|
|
|a 316.64
|2 2011
|
| 080 |
|
|
|a (437.6)
|2 2011
|
| 080 |
|
|
|a (047.53)
|2 2011
|
| 080 |
|
|
|a 32
|2 2011
|
| 080 |
|
|
|a (0:82-4)
|2 2011
|
| 100 |
1 |
|
|a Horský, Michal,
|d 1943-2018
|4 aut
|9 6015
|
| 245 |
1 |
0 |
|a Politické iskrenie
|b víťazstvá a prehry slovenskej politiky
|c Michal Horský
|
| 246 |
3 |
0 |
|a Víťazstvá a prehry slovenskej politiky
|
| 246 |
3 |
4 |
|a Politické iskrenie
|b víťazstvá a prehry slovenskej politiky 1989-2018
|
| 250 |
|
|
|a 1. vydanie
|
| 264 |
|
1 |
|a Bratislava
|b Marenčin PT
|c 2018
|
| 300 |
|
|
|a 269 strán
|c 21 cm
|
| 336 |
|
|
|a text
|b txt
|2 rdacontent
|
| 337 |
|
|
|a bez média
|b n
|2 rdamedia
|
| 338 |
|
|
|a zväzok
|b nc
|2 rdacarrier
|
| 500 |
|
|
|a Kniha bola vydaná s finančnou podporou Nadácie TA3
|
| 504 |
|
|
|a Bibliografia na strane 266-269 ; poznámky
|
| 600 |
1 |
7 |
|a Horský, Michal,
|d 1943-2018
|2 SNKMA
|9 6015
|
| 648 |
|
7 |
|a 1989-2018
|2 SNKPH
|9 443158
|
| 650 |
0 |
7 |
|a politológovia
|2 SNKPH
|9 4709
|
| 650 |
0 |
7 |
|a politika
|2 SNKPH
|9 968
|
| 650 |
0 |
7 |
|a politická moc
|2 SNKPH
|9 4438
|
| 650 |
0 |
7 |
|a volebné správanie
|2 SNKPH
|9 13756
|
| 650 |
0 |
7 |
|a kritika politiky
|2 SNKPH
|9 118865
|
| 650 |
0 |
7 |
|a názory a postoje
|2 SNKPH
|9 4303
|
| 650 |
0 |
7 |
|a Political scientists
|2 SNKPHeng
|9 131905
|
| 650 |
0 |
7 |
|a Politics
|2 SNKPHeng
|9 265606
|
| 650 |
0 |
7 |
|a Political power
|2 SNKPHeng
|9 282668
|
| 650 |
0 |
7 |
|a Electoral behavior
|2 SNKPHeng
|9 313316
|
| 650 |
0 |
7 |
|a Political criticism
|2 SNKPHeng
|9 120120
|
| 650 |
0 |
7 |
|a Views and attitudes
|2 SNKPHeng
|9 306968
|
| 651 |
|
7 |
|a Slovensko
|2 SNKPHgeo
|
| 651 |
|
7 |
|a Slovakia
|2 SNKPHeng
|9 92630
|
| 655 |
|
7 |
|a rozhovory
|2 SNKPH
|9 31831
|
| 655 |
|
7 |
|a eseje
|2 SNKPH
|9 57030
|
| 655 |
|
7 |
|a Interviews
|2 SNKPHeng
|9 266520
|
| 655 |
|
7 |
|a Essays
|2 SNKPHeng
|9 267540
|
| 852 |
|
|
|a Štátna vedecká knižnica v Banskej Bystrici
|
| 919 |
|
|
|a 978-80-569-0284-4
|
| 958 |
|
|
|a NB
|
| 999 |
|
|
|c 1200821
|d 1202751
|
| 952 |
|
|
|a SNK
|b SNK
|y VYP
|7 0
|p 17A1371700
|o snkSC 180773 D1
|i snk2019/12587
|8 0
|0 0
|1 0
|4 0
|d 2019-05-06
|l 0
|r 2026-02-24 22:41:18
|w 2026-02-24
|
| 952 |
|
|
|a SNK
|b SNK
|y PREZ
|7 0
|p 17A1335816
|o snkSC 180773
|i snk2018/18222
|8 0
|0 0
|1 0
|4 0
|d 2018-09-06
|f 1
|l 0
|r 2026-02-24 22:41:18
|w 2026-02-24
|